[Event "Ramat Gan Dov Porat Rapid op"]
[Site "Ramat Gan"]
[Date "2023.10.05"]
[Round "6"]
[White "Slobodiansky, Steven"]
[Black "Kinberg, Ofer"]
[Result "1-0"]
[WhiteElo "2273"]
[BlackElo "1889"]
[PlyCount "159"]
[EventDate "2023.10.04"]
[EventType "swiss (rapid)"]
[EventRounds "9"]
[EventCountry "ISR"]
[SourceTitle "CBM 216 Extra"]
[Source "ChessBase"]
[SourceDate "2023.11.30"]
[SourceVersion "1"]
[SourceVersionDate "2023.11.30"]
[SourceQuality "1"]

1. e4 e5 2. Nf3 Nc6 3. Bb5 a6 4. Ba4 Nf6 5. d4 exd4 6. 0-0 Be7 7. Re1 d6 8. Nxd4 Bd7 9. Bxc6 bxc6 10. Qf3 0-0 11. Nc3 c5 12. Nf5 Bxf5 13. Qxf5 Rb8 14. b3 Qc8 15. Qf3 Qe6 16. Bb2 c4 17. Nd5 Bd8 18. Rad1 Nd7 19. Nf4 Qh6 20. Rd5 Bg5 21. Nh5 f6 22. Ng3 g6 23. Qe2 a5 24. Rf1 a4 25. Rb5 cxb3 26. Qc4+ Rf7 27. cxb3 axb3 28. Rxb8+ Nxb8 29. Qxb3 Nd7 30. a4 Bd2 31. Ra1 Ba5 32. Qb5 Qd2 33. Nf1 Qb4 34. Ne3 c6 35. Qxb4 Bxb4 36. a5 Bc5 37. Nc4 Ne5 38. Bxe5 fxe5 39. Ra2 Ra7 40. Rd2 Bd4 41. Nxd6 Rxa5 42. g3 Kf8 43. Kg2 Ke7 44. Nc4 Ra4 45. Rc2 Kd7 46. f4 exf4 47. gxf4 Ke6 48. Kf3 c5 49. e5 Ra1 50. Nd6 Kd5 51. Re2 Rf1+ 52. Kg4 Rg1+ 53. Kf3 Rf1+ 54. Kg3 Rg1+ 55. Kh3 Rf1 56. e6 Bf6 57. Nb5 Be7 58. Nc3+ Kc4 59. Ne4 Rxf4 60. Kg3 Rf1 61. Nd2+ Kd3 62. Rg2 Rf5 63. Nf3 Rf6 64. Ne5+ Ke4 65. Nc6 Rxe6 66. Re2+ Kd5 67. Nxe7+ Kd6 68. Nc8+ Kd7 69. Rxe6 Kxe6 70. Nb6 Ke5 71. Kg4 h6 72. Nd7+ Kd4 73. Nf8 c4 74. Nxg6 c3 75. Nf4 Ke4 76. Ne2 c2 77. h4 Ke3 78. Nc1 Kf2 79. h5 Ke3 80. Kf5 1-0

[Event "Ramat Gan Shavuot op"]
[Site "Ramat Gan"]
[Date "2023.05.25"]
[Round "4"]
[White "Levitan, Tal"]
[Black "Kinberg, Ofer"]
[Result "1-0"]
[WhiteElo "2328"]
[BlackElo "1918"]
[PlyCount "69"]
[EventDate "2023.05.25"]
[EventType "swiss (rapid)"]
[EventRounds "6"]
[EventCountry "ISR"]
[SourceTitle "CBM 214 Extra"]
[Source "ChessBase"]
[SourceDate "2023.07.31"]
[SourceVersion "1"]
[SourceVersionDate "2023.07.31"]
[SourceQuality "1"]

1. e4 e5 2. Nf3 Nc6 3. Nc3 Nf6 4. Bb5 Bb4 5. 0-0 Bxc3 6. bxc3 d6 7. Re1 0-0 8. d4 Bd7 9. Bg5 Qe7 10. d5 Nb8 11. Rb1 Bc8 12. Bd3 Nbd7 13. Nh4 Nc5 14. Qf3 h6 15. Be3 Nfxe4 16. Nf5 Bxf5 17. Qxf5 Nxd3 18. cxd3 Nxc3 19. Rxb7 Nxd5 20. Bxa7 Nf6 21. Rc1 Ne8 22. h3 Qe6 23. Qxe6 fxe6 24. a4 Rf4 25. Ra1 Kf7 26. a5 Ke7 27. a6 Rf8 28. Bb8 Kd7 29. a7 Kc6 30. Rb4 Nf6 31. Rc1+ Kd7 32. Rxc7+ Kd8 33. Rxg7 Nd5 34. Bc7+ Nxc7 35. Rb8+ 1-0

[Event "Ramat Gan Shavuot op"]
[Site "Ramat Gan"]
[Date "2023.05.25"]
[Round "2"]
[White "Rozen, Eytan"]
[Black "Kinberg, Ofer"]
[Result "1-0"]
[WhiteElo "2417"]
[BlackElo "1918"]
[PlyCount "25"]
[EventDate "2023.05.25"]
[EventType "swiss (rapid)"]
[EventRounds "6"]
[EventCountry "ISR"]
[SourceTitle "CBM 214 Extra"]
[Source "ChessBase"]
[SourceDate "2023.07.31"]
[SourceVersion "1"]
[SourceVersionDate "2023.07.31"]
[SourceQuality "1"]

1. d4 d5 2. Nc3 Nf6 3. Bf4 c6 4. e3 e6 5. Nf3 Bd6 6. Bd3 0-0 7. Ne5 Qc7 8. Qf3 b6 9. Qg3 Ba6 10. Nf3 Nh5 11. Bxd6 Nxg3 12. Bxc7 Nxh1 13. Ke2 1-0

[Event "Ramat Gan Rosh Hashanah Rapid"]
[Site "Ramat Gan"]
[Date "2022.09.25"]
[Round "1"]
[White "Kinberg, Ofer"]
[Black "Ben Ari, Yannay"]
[Result "0-1"]
[WhiteElo "1934"]
[BlackElo "2387"]
[PlyCount "79"]
[EventDate "2022.09.25"]
[EventType "swiss (rapid)"]
[EventRounds "6"]
[EventCountry "ISR"]
[SourceTitle "EXT 2023"]
[Source "ChessBase"]
[SourceDate "2022.10.05"]
[SourceVersion "1"]
[SourceVersionDate "2022.10.05"]
[SourceQuality "1"]

1. d4 Nf6 2. c4 e6 3. g3 c5 4. d5 exd5 5. cxd5 d6 6. Nc3 g6 7. Bg2 Bg7 8. Nf3 0-0 9. 0-0 a6 10. a4 Nbd7 11. Bf4 Qe7 12. h3 Rb8 13. Qd3 Ne8 14. Nd2 Ne5 15. Bxe5 Bxe5 16. Nc4 Bg7 17. Rfe1 Bd7 18. Nb6 Qd8 19. a5 Nc7 20. Rec1 Re8 21. Qd2 f5 22. Kh2 Nb5 23. e3 Re7 24. Nc4 Qc7 25. Qd3 Nxc3 26. bxc3 Bb5 27. Qe2 Rf8 28. Qa2 h5 29. Nb6 h4 30. c4 hxg3+ 31. fxg3 Bxa1 32. cxb5 Bg7 33. bxa6 bxa6 34. Qe2 f4 35. gxf4 Rxf4 36. Qxa6 Rxe3 37. Qc8+ Qxc8 38. Nxc8 Rf2 39. Nxd6 Ree2 40. Ra1 0-1

[Event "ISR-ch sf"]
[Site "Ramat Gan"]
[Date "2022.07.04"]
[Round "8"]
[White "Kinberg, Ofer"]
[Black "Flaum, Mark"]
[Result "1-0"]
[WhiteElo "1935"]
[BlackElo "1915"]
[PlyCount "95"]
[EventDate "2022.05.09"]
[EventType "swiss"]
[EventRounds "9"]
[EventCountry "ISR"]
[SourceTitle "EXT 2023"]
[Source "ChessBase"]
[SourceDate "2022.10.05"]
[SourceVersion "1"]
[SourceVersionDate "2022.10.05"]
[SourceQuality "1"]

1. e4 c5 2. Nf3 e6 3. d4 cxd4 4. Nxd4 Nc6 5. Nc3 Qc7 6. Be2 a6 7. Be3 b5 8. Nxc6 dxc6 9. 0-0 Bb7 10. Qe1 Rd8 11. a4 b4 12. Nb1 Nf6 13. Nd2 c5 14. f3 Be7 15. Nc4 0-0 16. Qf2 Nd7 17. Rfc1 f5 18. exf5 exf5 19. Qf1 f4 20. Bf2 Bf6 21. a5 Ne5 22. c3 bxc3 23. bxc3 Qc6 24. Rab1 Bc8 25. Rb6 Qc7 26. Nxe5 Bxe5 27. Bxa6 Bf5 28. Qc4+ Kh8 29. Qxc5 Rfe8 30. Rc6 Qb8 31. Qb6 Rd2 32. Rc5 Qd6 33. Qxd6 Rxd6 34. Bb5 Bd7 35. Re1 Bxc3 36. Rxe8+ Bxe8 37. Rc8 Kg8 38. h3 Rd1+ 39. Kh2 Bxa5 40. Bxe8 Rd8 41. Rxd8 Bxd8 42. Bd4 Kf8 43. Bc6 Bc7 44. Be4 g6 45. h4 Kf7 46. Bd5+ Ke7 47. h5 Kf8 48. Kh3 1-0

[Event "Netanya op"]
[Site "Netanya"]
[Date "2019.07.02"]
[Round "9"]
[White "Lazebnikov, Yefim"]
[Black "Kinberg, Ofer"]
[Result "0-1"]
[WhiteElo "1444"]
[BlackElo "1962"]
[PlyCount "46"]
[EventDate "2019.06.23"]
[EventType "swiss"]
[EventRounds "9"]
[EventCountry "ISR"]
[SourceTitle "EXT 2020"]
[Source "ChessBase"]
[SourceDate "2019.10.17"]
[SourceVersion "1"]
[SourceVersionDate "2019.10.17"]
[SourceQuality "1"]

1. b3 Nf6 2. Bb2 e6 3. e3 d5 4. Nf3 Be7 5. c4 c5 6. d3 Nc6 7. Nbd2 0-0 8. a3 a5 9. Qc2 d4 10. exd4 cxd4 11. Be2 e5 12. 0-0 h6 13. Rfe1 Bf5 14. Bf1 Nd7 15. Ne4 Bh7 16. Rac1 f5 17. Ng3 Bc5 18. Nd2 Qc7 19. Qd1 Rae8 20. Qh5 Nf6 21. Qd1 e4 22. Nh5 Ng4 23. f3 Qxh2# 0-1

[Event "Netanya op"]
[Site "Netanya"]
[Date "2019.06.25"]
[Round "3"]
[White "Tifferet, Shaked"]
[Black "Kinberg, Ofer"]
[Result "0-1"]
[WhiteElo "2249"]
[BlackElo "1962"]
[PlyCount "124"]
[EventDate "2019.06.23"]
[EventType "swiss"]
[EventRounds "9"]
[EventCountry "ISR"]
[SourceTitle "CBM 191 Extra"]
[Source "ChessBase"]
[SourceDate "2019.09.30"]
[SourceVersion "1"]
[SourceVersionDate "2019.09.30"]
[SourceQuality "1"]

1. e4 e5 2. Nf3 Nc6 3. Nc3 Nf6 4. Be2 d5 5. exd5 Nxd5 6. 0-0 Nxc3 7. bxc3 Bd6 8. d4 0-0 9. Re1 exd4 10. cxd4 h6 11. h3 Qf6 12. Rb1 Re8 13. Be3 Ne7 14. c4 Nf5 15. c5 Nxe3 16. fxe3 Bg3 17. Rf1 Qe7 18. Bc4 Qxe3+ 19. Kh1 Rf8 20. Rb3 Qe7 21. Nd2 Bh4 22. Rbf3 Bf6 23. Qc2 Kh8 24. d5 Re8 25. d6 cxd6 26. cxd6 Qxd6 27. Bxf7 Re2 28. Rxf6 Qxd2 29. Qxd2 Rxd2 30. R6f4 Bd7 31. Bg6 Kg8 32. Be4 Bc6 33. Bxc6 bxc6 34. Rb1 Rxa2 35. Rb7 Rf8 36. Rg4 Rf7 37. Rb8+ Kh7 38. Rc8 Rc2 39. Ra4 c5 40. Ra5 c4 41. Rac5 Rf1+ 42. Kh2 Rff2 43. h4 Rxg2+ 44. Kh3 Rg6 45. Ra8 Rc3+ 46. Kh2 Rg4 47. h5 Rg5 48. Rxg5 hxg5 49. Rxa7 Kh6 50. Rd7 Kxh5 51. Rd4 g4 52. Rd8 Rd3 53. Rc8 c3 54. Kg2 Kh4 55. Rh8+ Kg5 56. Rc8 Kf4 57. Kf2 g3+ 58. Kf1 Ke3 59. Ke1 g2 60. Re8+ Kf3 61. Rf8+ Kg3 62. Ke2 Rd2+ 0-1

[Event "Dortmund op"]
[Site "Dortmund"]
[Date "2009.07.10"]
[Round "7"]
[White "Gutman, Lev"]
[Black "Kinberg, Ofer"]
[Result "1-0"]
[WhiteElo "2459"]
[BlackElo "2091"]
[PlyCount "69"]
[EventDate "2009.07.04"]
[EventType "swiss"]
[EventRounds "9"]
[EventCountry "GER"]
[SourceTitle "CBM 131 Extra"]
[Source "ChessBase"]
[SourceDate "2009.09.03"]
[SourceVersion "2"]
[SourceVersionDate "2009.09.16"]
[SourceQuality "1"]

1. Nf3 c5 2. g3 Nc6 3. d4 cxd4 4. Nxd4 g6 5. Bg2 Bg7 6. Nxc6 bxc6 7. 0-0 Nf6 8. Nd2 0-0 9. Nb3 a5 10. a4 Ba6 11. Re1 Qc7 12. Rb1 Bc4 13. Nd2 Be6 14. h3 Rab8 15. e4 d6 16. b3 Nd7 17. Nf3 c5 18. Ng5 Bc4 19. h4 Ba6 20. h5 h6 21. Nh3 g5 22. f4 Bc3 23. Bd2 Bxd2 24. Qxd2 f6 25. e5 dxe5 26. fxg5 Qd6 27. Qxa5 hxg5 28. Rbd1 Qb6 29. Qd2 Rbd8 30. a5 Qb4 31. Qd5+ Kh8 32. Qe6 Rfe8 33. Qxa6 Qg4 34. Kf2 Qxh5 35. Qb7 1-0

[Event "Herzliya op"]
[Site "Herzliya"]
[Date "2008.09.10"]
[Round "7"]
[White "Kinberg, Ofer"]
[Black "Volkov, Yuri"]
[Result "1-0"]
[WhiteElo "2118"]
[BlackElo "2066"]
[PlyCount "83"]
[EventDate "2008.09.02"]
[EventType "swiss"]
[EventRounds "9"]
[EventCountry "ISR"]
[SourceTitle "CBM 126 Extra"]
[Source "ChessBase"]
[SourceDate "2008.11.05"]
[SourceVersion "1"]
[SourceVersionDate "2008.11.05"]
[SourceQuality "1"]

1. d4 Nf6 2. c4 e6 3. Nc3 Bb4 4. Bg5 h6 5. Bh4 d5 6. e3 Nbd7 7. cxd5 exd5 8. Bd3 c6 9. Nge2 g5 10. Bg3 h5 11. h4 Ne4 12. Bxe4 dxe4 13. Qc2 f5 14. 0-0-0 g4 15. f3 exf3 16. gxf3 Qe7 17. Bf4 Nf6 18. Be5 Bd6 19. Bxd6 Qxd6 20. e4 Qe7 21. Nf4 Kf7 22. e5 Ne8 23. e6+ Kg7 24. fxg4 hxg4 25. Qxf5 Rh6 26. Qxg4+ Kh7 27. Qf5+ Kg8 28. Rdg1+ Ng7 29. Nh5 Rxh5 30. Qxh5 Bxe6 31. Qg6 Rf8 32. h5 Bf5 33. Qg3 Kh8 34. h6 Ne6 35. Qe5+ Rf6 36. Rg7 Qf8 37. Rhg1 Bh7 38. Rxb7 Qxh6+ 39. Kd1 Bg8 40. Ne4 Ng7 41. Nxf6 Qh3 42. Qg3 1-0

[Event "Herzliya op"]
[Site "Herzliya"]
[Date "2008.09.05"]
[Round "4"]
[White "Blass, Uri"]
[Black "Kinberg, Ofer"]
[Result "1-0"]
[WhiteElo "2035"]
[BlackElo "2118"]
[PlyCount "87"]
[EventDate "2008.09.02"]
[EventType "swiss"]
[EventRounds "9"]
[EventCountry "ISR"]
[SourceTitle "CBM 126 Extra"]
[Source "ChessBase"]
[SourceDate "2008.11.05"]
[SourceVersion "1"]
[SourceVersionDate "2008.11.05"]
[SourceQuality "1"]

1. b3 d5 2. Bb2 Bf5 3. Nf3 e6 4. e3 Nf6 5. Be2 h6 6. 0-0 Bd6 7. Ne5 0-0 8. d3 Nfd7 9. f4 f6 10. Nxd7 Nxd7 11. Bg4 Bxg4 12. Qxg4 Qe7 13. Nd2 Rae8 14. a4 e5 15. f5 Bc5 16. Rae1 Ba3 17. Ba1 a5 18. Re2 c6 19. Kh1 b5 20. axb5 cxb5 21. c3 Nc5 22. d4 Nd3 23. dxe5 fxe5 24. c4 dxc4 25. bxc4 b4 26. Ne4 b3 27. f6 b2 28. Bxb2 Bxb2 29. Rf3 Qc7 30. Nd6 Rd8 31. f7+ Kh8 32. Ne8 Rdxe8 33. fxe8Q Rxe8 34. Qg6 Qd8 35. Rf7 Rg8 36. Rd2 Nf4 37. Qxg7+ Rxg7 38. Rxd8+ Kh7 39. Rxg7+ Kxg7 40. exf4 e4 41. c5 e3 42. c6 Be5 43. Kg1 Bxf4 44. c7 1-0